00581nam a2200181Ia 4500003000400000008004100004040001600045082001900061100002000080245004200100700003200142700003100174700004600205300001100251490003500262650004500297650005700342GCL140319s9999 xx 000 0 ara d aGCL / cGCL04a843.043bك ح1 aيحيى حقى10aالحب يسهر / cيحيى حقى1 aكايافية , ج.ا.دى1 aفلير، روبير دى1 aصلاح الدين كامل (ترجمة) a173 ص aمسرحيات مختارةv004aالادب الفرنسى المترجم04aالمسرحيات الفرنسية المترجمة